Statistics for 2018 Winter Olympics Medal Countries, with a map

Click here to take the quiz!

General Stats

  • This quiz has been taken 442 times
  • The average score is 192 of 196

Answer Stats

country % Correct
x
100%
x
100%
x
100%
x
100%
x
100%
x
100%
x
100%
x
100%
x
100%
x
100%
x
100%
x
100%
x
100%
x
100%
x
100%
x
100%
x
100%
x
100%
x
100%
x
100%
x
100%
x
100%
x
100%
x
100%
x
100%
x
100%
x
100%
x
100%
x
100%
x
100%
x
100%
x
100%
x
100%
x
100%
x
100%
x
100%
x
100%
x
100%
x
100%
x
100%
x
100%
x
100%
x
100%
x
100%
x
100%
x
100%
x
100%
x
100%
x
100%
x
100%
x
100%
x
100%
x
100%
x
100%
x
100%
x
100%
x
100%
x
100%
x
100%
x
100%
x
100%
x
100%
x
100%
x
100%
x
100%
x
100%
x
100%
x
100%
x
100%
x
100%
x
100%
x
100%
x
100%
x
100%
x
100%
x
100%
x
100%
x
100%
x
100%
x
100%
x
100%
x
100%
x
100%
x
100%
x
100%
x
100%
x
100%
x
100%
x
100%
x
100%
x
100%
x
100%
x
100%
x
100%
x
100%
x
100%
x
100%
x
100%
x
100%
x
100%
x
100%
x
100%
x
100%
x
100%
x
100%
x
100%
x
100%
x
100%
x
100%
x
100%
x
100%
x
100%
x
100%
x
100%
x
100%
x
100%
x
100%
x
100%
x
100%
x
100%
x
100%
x
100%
x
100%
x
100%
x
100%
x
100%
x
100%
x
100%
x
100%
x
100%
x
100%
x
100%
x
100%
x
100%
x
100%
x
100%
x
100%
x
100%
x
100%
x
100%
x
100%
x
100%
x
100%
x
100%
x
100%
x
100%
x
100%
x
100%
x
100%
x
100%
x
100%
x
100%
x
100%
x
100%
x
100%
x
100%
x
100%
x
100%
x
100%
x
100%
x
100%
x
100%
x
100%
x
100%
x
100%
x
100%
United States
98%
Canada
97%
France
96%
Great Britain
96%
Olympic Athletes
from Russia
96%
China
95%
Norway
95%
Sweden
95%
Germany
94%
Italy
93%
Finland
93%
Austria
93%
Spain
92%
Switzerland
91%
Poland
89%
Japan
88%
Ukraine
87%
South Korea
86%
Australia
86%
Netherlands
86%
Kazakhstan
85%
Czechia
84%
Belarus
84%
Belgium
82%
Hungary
81%
Slovakia
81%
Slovenia
79%
Latvia
76%
New Zealand
74%
Liechtenstein
42%

Score Distribution

Percentile by Number Answered

Percent of People with Each Score

Your Score History

You have not taken this quiz